| 000 | 00413nam a2200169Ia 4500 | ||
|---|---|---|---|
| 008 | 131103s9999 xx 000 0 und d | ||
| 040 | _aLoreto College | ||
| 041 | _aEnglish | ||
| 082 |
_aF/GRI _bLCLIB/38334 |
||
| 100 | _aGrisham,John | ||
| 245 | 4 |
_aThe chamber _cJohn Grisham |
|
| 260 |
_aKolkata _bRupa _c1995 |
||
| 300 |
_a597p _c 18cm |
||
| 650 | _aEnglish Fiction | ||
| 850 | _aLCLIB/F/GRI | ||
| 942 | _cBK | ||
| 999 |
_c18487 _d68966 |
||